000
00299nam a22001337a 4500
008
170711b xxu||||| |||| 00| 0 eng d
020
_a
9780816048939
041
_a
eng
080
_a
030
100
_a
23
101
_a
ENC
245
_a
ENCYCLOPEDIA PLAGUE PESTILENCE
_c
KOHN.G
942
_2
udc
_c
BK
999
_c
20223
_d
20223